ပပ်ႉထမ်းၵႃႇထႃႇယွတ်ႈပိတၵၢတ်ႈသၢမ်ၵွင်ၵႃႇထႃႇၶျီႉၼႃႉပၼ်းၶျွၼ်းလႄႈၵႂၢမ်းဝႆႈၽြႃး (Record no. 22991)

000 -LEADER
fixed length control field 01081nam a22002177a 4500
003 - CONTROL NUMBER IDENTIFIER
control field OSt
005 - DATE AND TIME OF LATEST TRANSACTION
control field 20260122194319.0
008 - FIXED-LENGTH DATA ELEMENTS--GENERAL INFORMATION
fixed length control field 230308b ||||| |||| 00| 0 eng d
040 ## - CATALOGING SOURCE
Transcribing agency Ost
041 ## - LANGUAGE CODE
Language code of text/sound track or separate title Shan
082 ## - DEWEY DECIMAL CLASSIFICATION NUMBER
Classification number 294.3
245 ## - TITLE STATEMENT
Title ပပ်ႉထမ်းၵႃႇထႃႇယွတ်ႈပိတၵၢတ်ႈသၢမ်ၵွင်ၵႃႇထႃႇၶျီႉၼႃႉပၼ်းၶျွၼ်းလႄႈၵႂၢမ်းဝႆႈၽြႃး
Statement of responsibility, etc. ငိူၼ်ႈၾႃႉသႅၼ်ဝီ ႁွင်ႉလုင်းၸၢမ်ႇမျႃႉ ၶပ်ႉၶိုင်-
250 ## - EDITION STATEMENT
Edition statement ပွၵ်ႈၵမ်း-2
260 ## - PUBLICATION, DISTRIBUTION, ETC.
Place of publication, distribution, etc. ၵဵင်းမႂ်ႇ
Date of publication, distribution, etc. 2010
300 ## - PHYSICAL DESCRIPTION
Extent 54 ၼႃႈ
Other physical details ၶႅပ်းႁၢင်ႈ (သီ)
Dimensions 21 ၸိၼ်ႇထီႇ
500 ## - GENERAL NOTE
General note S-SAT: Dr. Prof Sai Aung Tun
General note ပပ်ႉၸဝ်ႈတႃႇၼႁၢင်းၶေႃႈ တွၵ်ႉတိူဝ်ႉၸၢႆးဢွင်ႇထုၼ်း။
650 ## - SUBJECT ADDED ENTRY--TOPICAL TERM
Topical term or geographic name entry element ပုတ်ႉထၽႃႇသႃႇ
942 ## - ADDED ENTRY ELEMENTS (KOHA)
Koha item type Book (Short term)
Source of classification or shelving scheme
Holdings
Withdrawn status Lost status Source of classification or shelving scheme Damaged status Not for loan Collection Code Permanent Location Current Location Shelving location Date acquired Total Checkouts Full call number Barcode Date last seen Copy number Price effective from Koha item type Accession
            Shan State Buddhist University Library Shan State Buddhist University Library Special Collection Shelves 08/03/2023   294.3 ပပ်ႉ ႑႗႖႓ S-SAT SH00001763 08/03/2023 1 08/03/2023 Book (Short term) ႑႗႖႓ S-SAT

Library - 09407999929
Admin Office - 09407999979
Dean Office - 09250910768
Registrar Office - 09892297154
Email - [email protected]
Shan State Buddhist University, Phaya Phyu Taunggyi, Shan State, Myanmar.